|
|
|
|
| LEADER |
00000nab a2200000 a 4500 |
| 001 |
vtls000687166 |
| 003 |
SK-MaSNL |
| 005 |
20260304083513.0 |
| 008 |
250425c1999 xo 0 slo |
| 015 |
|
|
|a SNBRB1999/04-08953
|
| 035 |
|
|
|a CLN000039333
|
| 035 |
|
|
|a urn:nbn:sk:snk-ab7617
|
| 035 |
|
|
|a (uuid)43372842-d06c-49b8-8bde-9b57fd61b133
|
| 035 |
|
|
|a (urnnbn)urn:nbn:sk:snk:ar-a0717e
|
| 035 |
|
|
|a (sysno)vtls000687166
|
| 040 |
|
|
|a SNKBUCL
|b slo
|c SNKBUCL
|e AACR2
|
| 041 |
0 |
|
|a slo
|
| 044 |
|
|
|a xo
|c SK
|
| 080 |
|
|
|a 349:336.2
|2 1997
|
| 080 |
|
|
|a 336.2.023/.024
|2 1997
|
| 100 |
1 |
|
|a Jarinkovičová, Valéria
|4 aut
|9 274437
|
| 245 |
1 |
0 |
|a Súčinnosť daňových orgánov a daňových subjektov v daňovom konaní
|c Valéria Jarinkovičová
|
| 650 |
0 |
7 |
|a konanie daňové
|x orgány daňové
|x subjekty daňové
|x súčinnosť
|2 snkbucl
|9 1374291
|
| 650 |
0 |
7 |
|a daňové úrady
|2 snkbucl
|9 49979
|
| 655 |
|
7 |
|a články z novín a časopisov
|2 snkbucl
|9 267496
|
| 773 |
0 |
|
|t Mzdy a financie
|g Roč. 6, č. 7-8 (1999), s. 15-42
|
| 850 |
|
|
|a Slovenská národná knižnica
|
| 852 |
|
|
|a Slovenská národná knižnica
|
| 954 |
|
|
|a odborná, vedecká literatúra pôvodná (slovenská)
|2 lita
|
| 958 |
|
|
|a article27
|
| 958 |
|
|
|a SK
|
| 958 |
|
|
|a OND
|
| 958 |
|
|
|a EUIPO
|
| 999 |
|
|
|c 2800713
|d 2802643
|